[Event "19. Obert Int. Sant Marti 2017"]
[Site "Barcelona ESP"]
[Date "2017.07.15"]
[Round "3.47"]
[White "Marchador Villalba, Jordi"]
[Black "Franco Valencia, Angela"]
[Result "1-0"]
[WhiteElo "1980"]
[BlackElo "2214"]
[PlyCount "171"]
[EventDate "2017.07.13"]
[EventType "swiss"]
[EventRounds "9"]
[EventCountry "ESP"]
[SourceTitle "Ajedrez en Madrid"]
[Source "lmi"]
[SourceDate "2017.07.13"]
[SourceVersion "1"]
[SourceVersionDate "2019.06.21"]
[SourceQuality "1"]

1. d4 Nf6 2. Nf3 e6 3. Bf4 b6 4. e3 Bb7 5. Bd3 Be7 6. Nbd2 c5 7. h3 d6 8. O-O
Nc6 9. c3 Rc8 10. Qe2 O-O 11. Rad1 Qc7 12. dxc5 bxc5 13. Ne4 Ne5 14. Nxf6+ Bxf6
15. Nxe5 dxe5 16. Bg3 c4 17. Bb1 Qc5 18. Qg4 Be7 19. Bh4 f5 20. Bxe7 Qxe7 21.
Qe2 Rf6 22. Rd2 Rg6 23. e4 Qh4 24. Kh2 Qg5 25. f3 f4 26. Rfd1 a5 27. Bc2 Rh6
28. Qf2 Rg6 29. Ba4 Rf8 30. Bb5 Rc8 31. Rd7 Ba8 32. Bxc4 h6 33. b3 a4 34. R7d6
Qe7 35. Qd2 Kh7 36. Rd8 Rxd8 37. Qxd8 Qa7 38. Qd2 Qc5 39. Rf1 Bc6 40. Qe2 Qa3
41. Rd1 Rf6 42. Qd2 Be8 43. b4 Rf7 44. Qc1 Qxc1 45. Rxc1 Rd7 46. Bxe6 Rd2 47.
c4 Rxa2 48. c5 Rb2 49. c6 Bxc6 50. Rxc6 Rxb4 51. Rc5 Kg6 52. Bd5 Rb1 53. Ra5
Ra1 54. g3 a3 55. Ra6+ Kh7 56. gxf4 exf4 57. h4 g6 58. Ra7+ Kh8 59. e5 Rd1 60.
Bf7 Rd2+ 61. Kh3 Re2 62. Rxa3 Rxe5 63. Bxg6 Kg7 64. h5 Rg5 65. Ra7+ Kg8 66. Be4
Rxh5+ 67. Kg4 Rh2 68. Kxf4 Rb2 69. Ra6 h5 70. Rh6 Kf7 71. Kg5 Rb5+ 72. Kh4 Rb2
73. Kxh5 Rb5+ 74. Kg4 Ra5 75. Bf5 Kg7 76. Rb6 Ra1 77. Kg5 Ra7 78. Rd6 Ra3 79.
Rd7+ Kf8 80. f4 Ra6 81. Bg6 Ra1 82. f5 Ra2 83. Rd8+ Ke7 84. Re8+ Kd7 85. Re4
Rg2+ 86. Kf6 1-0

[Event "19. Obert Int. Sant Marti 2017"]
[Site "Barcelona ESP"]
[Date "2017.07.15"]
[Round "3.48"]
[White "Sama Salinas, Hector"]
[Black "Kyrkjebo, Hanna B."]
[Result "1-0"]
[WhiteElo "2205"]
[BlackElo "1923"]
[PlyCount "97"]
[EventDate "2017.07.13"]
[EventType "swiss"]
[EventRounds "9"]
[EventCountry "ESP"]
[SourceTitle "Ajedrez en Madrid"]
[Source "lmi"]
[SourceDate "2017.07.13"]
[SourceVersion "1"]
[SourceVersionDate "2019.06.21"]
[SourceQuality "1"]

1. e4 e5 2. Nf3 Nc6 3. d4 exd4 4. Nxd4 Bc5 5. Nxc6 Qf6 6. Qf3 dxc6 7. Nc3 Be6
8. Be3 Bb4 9. Qxf6 Nxf6 10. f3 a6 11. Kf2 O-O-O 12. Be2 Nd7 13. Na4 Be7 14. b3
b5 15. Nb2 Bf6 16. Rab1 Nb6 17. Nd3 Be7 18. Rbd1 Kb8 19. Nc5 Bc8 20. Rxd8 Rxd8
21. Rd1 Rxd1 22. Bxd1 Nd7 23. Nd3 f6 24. f4 Nf8 25. Bf3 Bb7 26. Bc5 Ng6 27.
Bxe7 Nxe7 28. Ke3 Ka7 29. Kd4 Kb6 30. b4 Bc8 31. f5 g6 32. g4 gxf5 33. gxf5 Bd7
34. Bh5 Bc8 35. Nc5 a5 36. a3 axb4 37. axb4 h6 38. Be8 Ng8 39. c3 Ne7 40. Bd7
Ka7 41. Bxc8 Nxc8 42. Nd7 Nd6 43. Nxf6 Kb8 44. Ng8 Nf7 45. Ne7 Kb7 46. e5 h5
47. e6 Nd8 48. Ke5 Kb6 49. f6 1-0

[Event "19. Obert Int. Sant Marti 2017"]
[Site "Barcelona ESP"]
[Date "2017.07.15"]
[Round "3.49"]
[White "Monroy G., Nataly A."]
[Black "Dalo, Hermes"]
[Result "0-1"]
[WhiteElo "1947"]
[BlackElo "2202"]
[PlyCount "56"]
[EventDate "2017.07.13"]
[EventType "swiss"]
[EventRounds "9"]
[EventCountry "ESP"]
[SourceTitle "Ajedrez en Madrid"]
[Source "lmi"]
[SourceDate "2017.07.13"]
[SourceVersion "1"]
[SourceVersionDate "2019.06.21"]
[SourceQuality "1"]

1. d4 Nf6 2. c4 g6 3. Nc3 Bg7 4. e4 d6 5. Nf3 O-O 6. Be2 Nbd7 7. O-O e5 8. Be3
Re8 9. d5 Nh5 10. g3 Bf8 11. Nd2 Ng7 12. Qc2 f5 13. f3 Be7 14. b4 Nf6 15. Rad1
f4 16. gxf4 exf4 17. Bxf4 Nfh5 18. Bg3 Bh4 19. Bxh4 Qxh4 20. Rf2 Nf4 21. Bf1
Re5 22. Nb3 Rg5+ 23. Kh1 Ngh5 24. Bg2 Ng3+ 25. Kg1 Nh3+ 26. Bxh3 Bxh3 27. Rg2
Bxg2 28. Qxg2 Nh5 0-1

[Event "19. Obert Int. Sant Marti 2017"]
[Site "Barcelona ESP"]
[Date "2017.07.15"]
[Round "3.50"]
[White "Barragan Hernandez, Manel"]
[Black "Salagran Ferragut, Guillem"]
[Result "0-1"]
[WhiteElo "1936"]
[BlackElo "2201"]
[PlyCount "58"]
[EventDate "2017.07.13"]
[EventType "swiss"]
[EventRounds "9"]
[EventCountry "ESP"]
[SourceTitle "Ajedrez en Madrid"]
[Source "lmi"]
[SourceDate "2017.07.13"]
[SourceVersion "1"]
[SourceVersionDate "2019.06.21"]
[SourceQuality "1"]

1. e4 e6 2. d4 d5 3. exd5 exd5 4. Nf3 Bd6 5. c4 Nf6 6. Nc3 O-O 7. cxd5 Nbd7 8.
Bc4 Nb6 9. Bb3 Re8+ 10. Ne2 Qe7 11. Bg5 Bg4 12. Qd3 a5 13. a3 h6 14. Bxf6 Qxf6
15. O-O-O Bf5 16. Qd2 a4 17. Ba2 c6 18. dxc6 Rxe2 19. Qxe2 Bf4+ 20. Rd2 Qxc6+
21. Kd1 Rc8 22. Qe7 Bc2+ 23. Ke1 Bg6 24. Qc5 Qe4+ 25. Re2 Rxc5 26. Rxe4 Rc1+
27. Ke2 Bxe4 28. Rxc1 Bxf3+ 29. Kxf3 Bxc1 0-1

[Event "19. Obert Int. Sant Marti 2017"]
[Site "Barcelona ESP"]
[Date "2017.07.15"]
[Round "3.51"]
[White "Perales Galindo, Eduard"]
[Black "Meenal, Gupta"]
[Result "1-0"]
[WhiteElo "2185"]
[BlackElo "1915"]
[PlyCount "41"]
[EventDate "2017.07.13"]
[EventType "swiss"]
[EventRounds "9"]
[EventCountry "ESP"]
[SourceTitle "Ajedrez en Madrid"]
[Source "lmi"]
[SourceDate "2017.07.13"]
[SourceVersion "1"]
[SourceVersionDate "2019.06.21"]
[SourceQuality "1"]

1. e4 c5 2. d4 cxd4 3. c3 d5 4. exd5 Qxd5 5. cxd4 Nc6 6. Nf3 e6 7. Nc3 Qd8 8.
Bd3 Nf6 9. O-O Be7 10. Re1 O-O 11. a3 a6 12. Bc2 b6 13. Qd3 Bb7 14. d5 exd5 15.
Bg5 Ne4 16. Nxe4 dxe4 17. Qxe4 f5 18. Qe6+ Rf7 19. Bb3 Qf8 20. Bxe7 Nxe7 21.
Ng5 1-0

[Event "19. Obert Int. Sant Marti 2017"]
[Site "Barcelona ESP"]
[Date "2017.07.15"]
[Round "3.52"]
[White "Dougas Chavarria, Nestor"]
[Black "Degraeve, Remy"]
[Result "1-0"]
[WhiteElo "1871"]
[BlackElo "2164"]
[PlyCount "89"]
[EventDate "2017.07.13"]
[EventType "swiss"]
[EventRounds "9"]
[EventCountry "ESP"]
[SourceTitle "Ajedrez en Madrid"]
[Source "lmi"]
[SourceDate "2017.07.13"]
[SourceVersion "1"]
[SourceVersionDate "2019.06.21"]
[SourceQuality "1"]

1. g3 g6 2. Bg2 Bg7 3. c4 c5 4. Nc3 Nc6 5. a3 Nf6 6. e3 O-O 7. Nge2 d6 8. O-O
a6 9. Rb1 e5 10. d3 Be6 11. Nd5 Rb8 12. b4 cxb4 13. axb4 Ne7 14. Nec3 Nfxd5 15.
cxd5 Bd7 16. b5 Qa5 17. Qb3 axb5 18. Nxb5 Qa6 19. Qb4 f5 20. Rd1 f4 21. e4 fxg3
22. hxg3 Rbc8 23. Nxd6 Rc2 24. Be3 Bg4 25. Ra1 Ra2 26. Rxa2 Qxa2 27. Rd2 Qa1+
28. Kh2 Rf6 29. Nc4 Nxd5 30. exd5 Rf5 31. Qe7 Rh5+ 32. Qh4 Rxh4+ 33. gxh4 b5
34. Nb6 Qe1 35. Ra2 h5 36. Ra8+ Kh7 37. Ra7 b4 38. Nc4 Qc3 39. Be4 b3 40. Rb7
Bf5 41. Nd6 Bxe4 42. Nxe4 Qxd3 43. Nf6+ Kh8 44. Rb8+ Bf8 45. Bh6 1-0

[Event "19. Obert Int. Sant Marti 2017"]
[Site "Barcelona ESP"]
[Date "2017.07.15"]
[Round "3.53"]
[White "Tejaswini, Sagar"]
[Black "Kyrkjebo, Marte B."]
[Result "1/2-1/2"]
[WhiteElo "2160"]
[BlackElo "1833"]
[PlyCount "122"]
[EventDate "2017.07.13"]
[EventType "swiss"]
[EventRounds "9"]
[EventCountry "ESP"]
[SourceTitle "Ajedrez en Madrid"]
[Source "lmi"]
[SourceDate "2017.07.13"]
[SourceVersion "1"]
[SourceVersionDate "2019.06.21"]
[SourceQuality "1"]

1. e4 e5 2. Nf3 Nc6 3. Bb5 a6 4. Ba4 Nf6 5. O-O b5 6. Bb3 Bc5 7. c3 d6 8. a4
Rb8 9. d4 Bb6 10. Qd3 Bd7 11. axb5 axb5 12. Na3 exd4 13. cxd4 Na5 14. e5 dxe5
15. dxe5 Ng4 16. Bg5 Qc8 17. Rad1 Nxb3 18. Qxb3 O-O 19. Bh4 Be6 20. Qc2 Nh6 21.
Qc6 Qb7 22. Qxb5 Bxf2+ 23. Rxf2 Qxb5 24. Nxb5 Rxb5 25. Rfd2 Nf5 26. Bf2 h6 27.
Rc1 Rfb8 28. g4 Ne7 29. Nd4 Rxb2 30. Rxb2 Rxb2 31. Nxe6 fxe6 32. Rxc7 Nd5 33.
Rc8+ Kf7 34. Bc5 Re2 35. Bd6 Re4 36. h3 Re2 37. Ra8 Kg6 38. Ra7 Nf4 39. Ra3 Kg5
40. Rf3 Nd5 41. Rf7 Kg6 42. Rf3 Kg5 43. Kf1 Re3 44. Rxe3 Nxe3+ 45. Kf2 Nd5 46.
Kg3 h5 47. h4+ Kg6 48. Bc5 hxg4 49. Kxg4 Kf7 50. h5 Nc7 51. Bd6 Nd5 52. Kg5 Ne3
53. Bc7 Nf5 54. Bb6 Ne7 55. Bc5 Nf5 56. Bb4 Ne3 57. Bc5 Nf5 58. Ba7 Ne7 59. Bb6
Nf5 60. Bc5 Nh6 61. Bd6 Nf5 1/2-1/2

[Event "19. Obert Int. Sant Marti 2017"]
[Site "Barcelona ESP"]
[Date "2017.07.15"]
[Round "3.54"]
[White "Gil Quilez, Sonia"]
[Black "Hernandez Requena, Francesc"]
[Result "0-1"]
[WhiteElo "2158"]
[BlackElo "1807"]
[PlyCount "122"]
[EventDate "2017.07.13"]
[EventType "swiss"]
[EventRounds "9"]
[EventCountry "ESP"]
[SourceTitle "Ajedrez en Madrid"]
[Source "lmi"]
[SourceDate "2017.07.13"]
[SourceVersion "1"]
[SourceVersionDate "2019.06.21"]
[SourceQuality "1"]

1. c4 e6 2. Nf3 d5 3. cxd5 exd5 4. g3 Nf6 5. Bg2 Bd6 6. O-O O-O 7. d3 Re8 8.
Nc3 c6 9. a3 h6 10. b4 a6 11. Bb2 Bg4 12. Qc2 Nbd7 13. Na4 Ne5 14. Nc5 Qc7 15.
Nb3 Rad8 16. Rac1 Re7 17. Bd4 Rde8 18. Qc3 Bh5 19. Nc5 Nxf3+ 20. exf3 Be5 21.
Bxe5 Rxe5 22. d4 Re2 23. Nd3 R2e7 24. Nf4 g5 25. Nd3 Nd7 26. h4 Bg6 27. hxg5
hxg5 28. Nc5 Nb6 29. Rfd1 Nc4 30. Bf1 Ne3 31. Re1 Nf5 32. Rxe7 Rxe7 33. Qd2 f6
34. Kg2 Nd6 35. Bd3 Kg7 36. Bxg6 Kxg6 37. Qd3+ f5 38. g4 Rh7 39. Re1 Ne4 40.
gxf5+ Kf6 41. Nxe4+ dxe4 42. Rxe4 Rh2+ 43. Kf1 Rh1+ 44. Ke2 Qd7 45. Re5 Rh4 46.
Re6+ Kf7 47. Re4 Qd5 48. Qc2 Rh1 49. Re5 Qxd4 50. Qb3+ Kf8 51. Re3 Qa1 52. Kd3
Rd1+ 53. Ke2 Re1+ 54. Kd2 Rf1 55. Re2 Qd4+ 56. Qd3 Rd1+ 57. Kxd1 Qxd3+ 58. Ke1
Qxa3 59. Re4 Qxf3 60. Re3 Qxf5 61. Ke2 Qg4+ 0-1

[Event "19. Obert Int. Sant Marti 2017"]
[Site "Barcelona ESP"]
[Date "2017.07.15"]
[Round "3.55"]
[White "Moksh, Amit Doshi"]
[Black "Llados Clos, Jaume"]
[Result "1-0"]
[WhiteElo "2154"]
[BlackElo "1801"]
[PlyCount "55"]
[EventDate "2017.07.13"]
[EventType "swiss"]
[EventRounds "9"]
[EventCountry "ESP"]
[SourceTitle "Ajedrez en Madrid"]
[Source "lmi"]
[SourceDate "2017.07.13"]
[SourceVersion "1"]
[SourceVersionDate "2019.06.21"]
[SourceQuality "1"]

1. c4 e5 2. g3 Nf6 3. Bg2 d5 4. cxd5 Nxd5 5. Nc3 Nb6 6. Nf3 Nc6 7. O-O Be7 8.
Rb1 O-O 9. b4 e4 10. Nxe4 Nxb4 11. a3 N4d5 12. Qc2 c6 13. Bb2 f5 14. Nc3 Kh8
15. d3 f4 16. Ne4 fxg3 17. hxg3 h5 18. Ne5 Qe8 19. Nc5 h4 20. d4 Kg8 21. Be4
Qh5 22. Bg6 Qh8 23. e4 Bxc5 24. dxc5 hxg3 25. fxg3 Ne3 26. Rxf8+ Kxf8 27. Qf2+
Ke7 28. Qxe3 1-0

[Event "19. Obert Int. Sant Marti 2017"]
[Site "Barcelona ESP"]
[Date "2017.07.15"]
[Round "3.56"]
[White "Gardela Batlle, Jordi"]
[Black "Tateo, Ida"]
[Result "1-0"]
[WhiteElo "2151"]
[BlackElo "1238"]
[PlyCount "111"]
[EventDate "2017.07.13"]
[EventType "swiss"]
[EventRounds "9"]
[EventCountry "ESP"]
[SourceTitle "Ajedrez en Madrid"]
[Source "lmi"]
[SourceDate "2017.07.13"]
[SourceVersion "1"]
[SourceVersionDate "2019.06.21"]
[SourceQuality "1"]

1. Nf3 Nf6 2. c4 g6 3. Nc3 Bg7 4. g3 O-O 5. Bg2 Nc6 6. O-O e5 7. d3 d6 8. Rb1
Rb8 9. b4 a6 10. Bg5 Be6 11. Qd2 Qd7 12. Rfc1 Bh3 13. Bh1 Rfe8 14. a4 Bf5 15.
Ne1 Nd4 16. b5 a5 17. Nd5 Nxd5 18. cxd5 e4 19. e3 h6 20. Bf4 g5 21. Bxg5 hxg5
22. exd4 g4 23. Rc4 Qe7 24. Rbc1 exd3 25. Nxd3 Qe2 26. Qxe2 Rxe2 27. Rd1 Rbe8
28. Bg2 Bxd3 29. Rxd3 Re1+ 30. Bf1 Rc8 31. Kg2 b6 32. Re3 Rxe3 33. fxe3 Bh6 34.
Kf2 Re8 35. Rc3 Kg7 36. Be2 f5 37. Rxc7+ Kf6 38. Rc3 Bg5 39. Bf1 Bh6 40. h3
gxh3 41. Bxh3 Bg5 42. Bg2 Bh6 43. Kf3 Bg5 44. Bf1 Bh6 45. Bh3 Bg5 46. g4 fxg4+
47. Bxg4 Bh6 48. Be6 Bf8 49. Rc6 Rb8 50. Rc7 Be7 51. Kf4 Rh8 52. Rc6 Rb8 53. e4
Rb7 54. e5+ dxe5+ 55. dxe5+ Kg6 56. Bc8+ 1-0

[Event "19. Obert Int. Sant Marti 2017"]
[Site "Barcelona ESP"]
[Date "2017.07.15"]
[Round "3.57"]
[White "Kathmale, Sameer"]
[Black "Sama Salinas, Alejandro"]
[Result "1-0"]
[WhiteElo "2294"]
[BlackElo "2000"]
[PlyCount "61"]
[EventDate "2017.07.13"]
[EventType "swiss"]
[EventRounds "9"]
[EventCountry "ESP"]
[SourceTitle "Ajedrez en Madrid"]
[Source "lmi"]
[SourceDate "2017.07.13"]
[SourceVersion "1"]
[SourceVersionDate "2019.06.21"]
[SourceQuality "1"]

1. e4 g6 2. d4 Bg7 3. Nc3 c6 4. Nf3 d5 5. h3 Nf6 6. e5 Ne4 7. Bd3 Nxc3 8. bxc3
c5 9. Bb5+ Bd7 10. a4 Qa5 11. Bxd7+ Nxd7 12. Bd2 c4 13. Qb1 Qb6 14. Qb5 Qxb5
15. axb5 a5 16. bxa6 bxa6 17. Ke2 a5 18. Rhb1 e6 19. Rb7 h6 20. Ra4 Nb8 21. Nh2
h5 22. Bg5 Nc6 23. Rc7 Ra6 24. Bf6 O-O 25. Nf3 Rfa8 26. g4 hxg4 27. hxg4 Rb6
28. Ng5 Bxf6 29. exf6 Nd8 30. Re7 Kf8 31. Ra1 1-0

[Event "19. Obert Int. Sant Marti 2017"]
[Site "Barcelona ESP"]
[Date "2017.07.15"]
[Round "3.58"]
[White "Frih, Ameur"]
[Black "Chakravarthy, Y V K."]
[Result "0-1"]
[WhiteElo "2233"]
[BlackElo "2006"]
[PlyCount "92"]
[EventDate "2017.07.13"]
[EventType "swiss"]
[EventRounds "9"]
[EventCountry "ESP"]
[SourceTitle "Ajedrez en Madrid"]
[Source "lmi"]
[SourceDate "2017.07.13"]
[SourceVersion "1"]
[SourceVersionDate "2019.06.21"]
[SourceQuality "1"]

1. d4 d5 2. c4 c6 3. Nc3 Nf6 4. e3 a6 5. c5 Bf5 6. Qb3 Qc7 7. f4 g6 8. Nf3 Bg7
9. Na4 Nbd7 10. Be2 O-O 11. O-O Kh8 12. Bd2 Ne4 13. Be1 f6 14. Nh4 Be6 15. Bf3
Bg8 16. Bg4 e6 17. Nc3 g5 18. Nxe4 dxe4 19. Bxe6 gxh4 20. f5 Rae8 21. Bxh4 Bxe6
22. fxe6 Nb8 23. Bg3 Qc8 24. Bd6 Qxe6 25. Bxf8 Bxf8 26. Qxb7 Bh6 27. Rae1 Rf8
28. Qb3 Qxb3 29. axb3 Rf7 30. Rf5 Kg7 31. Kf2 Rb7 32. Rh5 Rxb3 33. Re2 Kg6 34.
Rh4 f5 35. g4 f4 36. exf4 Rf3+ 37. Kg2 Rxf4 38. Rf2 Rxf2+ 39. Kxf2 Bg5 40. Rh5
Nd7 41. h4 Bc1 42. Rf5 Bxb2 43. Ke3 Nf6 44. h5+ Kg7 45. Rf1 a5 46. Rb1 Nd5+ 0-1

[Event "19. Obert Int. Sant Marti 2017"]
[Site "Barcelona ESP"]
[Date "2017.07.15"]
[Round "3.59"]
[White "Carrasco Rodriguez, Jesus"]
[Black "Alcala Valiente, Juan Carlos"]
[Result "1-0"]
[WhiteElo "2181"]
[BlackElo "1987"]
[PlyCount "35"]
[EventDate "2017.07.13"]
[EventType "swiss"]
[EventRounds "9"]
[EventCountry "ESP"]
[SourceTitle "Ajedrez en Madrid"]
[Source "lmi"]
[SourceDate "2017.07.13"]
[SourceVersion "1"]
[SourceVersionDate "2019.06.21"]
[SourceQuality "1"]

1. e4 c5 2. Nc3 Nc6 3. Bb5 g6 4. Bxc6 dxc6 5. f4 Bg7 6. Nf3 Bg4 7. O-O e6 8.
Qe1 Bxf3 9. Rxf3 Qd4+ 10. Kh1 O-O-O 11. d3 Qd7 12. a4 Ne7 13. a5 Bxc3 14. Qxc3
Qd4 15. Qe1 h5 16. Be3 Qd6 17. Qg1 b6 18. b4 1-0

[Event "19. Obert Int. Sant Marti 2017"]
[Site "Barcelona ESP"]
[Date "2017.07.15"]
[Round "3.60"]
[White "Garcia Espelta, Josep"]
[Black "Perez Pastora, Evarist"]
[Result "1/2-1/2"]
[WhiteElo "2052"]
[BlackElo "2142"]
[PlyCount "68"]
[EventDate "2017.07.13"]
[EventType "swiss"]
[EventRounds "9"]
[EventCountry "ESP"]
[SourceTitle "Ajedrez en Madrid"]
[Source "lmi"]
[SourceDate "2017.07.13"]
[SourceVersion "1"]
[SourceVersionDate "2019.06.21"]
[SourceQuality "1"]

1. e4 c5 2. Nf3 d6 3. d4 cxd4 4. Nxd4 Nf6 5. Nc3 a6 6. Be3 e5 7. Nb3 Be6 8. f3
Nbd7 9. Qd2 h5 10. a4 Rc8 11. Be2 Qc7 12. O-O Be7 13. a5 O-O 14. Rfc1 Nc5 15.
Nd5 Bxd5 16. exd5 Nfd7 17. Nxc5 Nxc5 18. b4 Nd7 19. c4 Qb8 20. Bb6 Bd8 21. Qe3
Nf6 22. Bd3 g6 23. Qh6 Nh7 24. Bxd8 Rcxd8 25. Qe3 Qc7 26. Rd1 Rd7 27. Bf1 Nf6
28. Rac1 Kg7 29. Bd3 Nh7 30. Bf1 Nf6 31. Bd3 Nh7 32. Be2 Nf6 33. Bd3 Nh7 34.
Bf1 Nf6 1/2-1/2

[Event "19. Obert Int. Sant Marti 2017"]
[Site "Barcelona ESP"]
[Date "2017.07.15"]
[Round "3.61"]
[White "Valls Marti, Artur"]
[Black "Rakshitta, Ravi"]
[Result "0-1"]
[WhiteElo "2140"]
[BlackElo "1974"]
[PlyCount "70"]
[EventDate "2017.07.13"]
[EventType "swiss"]
[EventRounds "9"]
[EventCountry "ESP"]
[SourceTitle "Ajedrez en Madrid"]
[Source "lmi"]
[SourceDate "2017.07.13"]
[SourceVersion "1"]
[SourceVersionDate "2019.06.21"]
[SourceQuality "1"]

1. d4 Nf6 2. Bg5 d5 3. c4 dxc4 4. Nc3 h6 5. Bh4 Nc6 6. d5 Ne5 7. Bg3 Ng6 8. e4
e6 9. Bxc4 exd5 10. exd5 Bd6 11. Qe2+ Be7 12. Nb5 O-O 13. Nxc7 Bd6 14. Nxa8 Re8
15. O-O-O Rxe2 16. Nxe2 Bxg3 17. hxg3 Bd7 18. Nc3 Qxa8 19. Rhe1 Qc8 20. Bb3 Bf5
21. f3 b5 22. g4 Bd7 23. Kb1 a6 24. a3 Qb8 25. Ne2 Ne8 26. Bc2 Nh4 27. Nd4 Nxg2
28. Re7 Qd8 29. Re4 Nf6 30. Nc6 Bxc6 31. dxc6 Qc7 32. Red4 g6 33. R1d2 Ne3 34.
Bxg6 fxg6 35. Rd8+ Kf7 0-1

[Event "19. Obert Int. Sant Marti 2017"]
[Site "Barcelona ESP"]
[Date "2017.07.15"]
[Round "3.62"]
[White "Claramunt Bassegoda, Marcel"]
[Black "Asensio Linan, Teodoro"]
[Result "1/2-1/2"]
[WhiteElo "1977"]
[BlackElo "2126"]
[PlyCount "111"]
[EventDate "2017.07.13"]
[EventType "swiss"]
[EventRounds "9"]
[EventCountry "ESP"]
[SourceTitle "Ajedrez en Madrid"]
[Source "lmi"]
[SourceDate "2017.07.13"]
[SourceVersion "1"]
[SourceVersionDate "2019.06.21"]
[SourceQuality "1"]

1. e4 e6 2. d4 d5 3. Nd2 c5 4. exd5 exd5 5. Ngf3 Nc6 6. Bb5 cxd4 7. Nxd4 Bd7 8.
N2b3 Bd6 9. O-O Nge7 10. Bg5 Qc7 11. Bxc6 bxc6 12. Re1 f6 13. Bh4 O-O 14. Bg3
Bxg3 15. hxg3 Qd6 16. Ne2 Nf5 17. Nf4 Rab8 18. Nd3 Nh6 19. Qd2 Bf5 20. Ndc5
Rfd8 21. c3 Nf7 22. Qf4 Qxf4 23. gxf4 Re8 24. Nd4 Nd6 25. b4 Rbc8 26. Kf1 Bg6
27. Rxe8+ Bxe8 28. Re1 Kf7 29. Re6 Ne4 30. Nxe4 dxe4 31. Rxe4 Bd7 32. Ke2 c5
33. bxc5 Rxc5 34. Kd2 Ra5 35. Re2 Rxa2+ 36. Kd3 Rxe2 37. Kxe2 Ke7 38. Kd3 Kd6
39. Kc4 g5 40. fxg5 fxg5 41. g3 h6 42. Nf3 Bc6 43. Ng1 Bg2 44. Kd4 a5 45. c4 h5
46. Ne2 Bf3 47. Nc1 Bg2 48. Ne2 a4 49. Ng1 a3 50. Kc3 Kc5 51. Kb3 a2 52. Kxa2
Kxc4 53. Kb2 Kd3 54. Kc1 h4 55. gxh4 gxh4 56. Kd1 1/2-1/2

[Event "19. Obert Int. Sant Marti 2017"]
[Site "Barcelona ESP"]
[Date "2017.07.15"]
[Round "3.63"]
[White "Meertens, Martin"]
[Black "Severri Arrese, Carlos"]
[Result "1-0"]
[WhiteElo "2123"]
[BlackElo "1904"]
[PlyCount "73"]
[EventDate "2017.07.13"]
[EventType "swiss"]
[EventRounds "9"]
[EventCountry "ESP"]
[SourceTitle "Ajedrez en Madrid"]
[Source "lmi"]
[SourceDate "2017.07.13"]
[SourceVersion "1"]
[SourceVersionDate "2019.06.21"]
[SourceQuality "1"]

1. e4 g6 2. d4 Bg7 3. Nc3 c6 4. f4 d5 5. e5 h5 6. Be3 Nh6 7. Nf3 Bg4 8. Be2 e6
9. g3 Nd7 10. h3 Bxf3 11. Bxf3 Qb6 12. Na4 Qa5+ 13. c3 Qc7 14. Qd3 Qa5 15. Nc5
Nxc5 16. dxc5 Nf5 17. Kf2 Qd8 18. h4 Bf8 19. b4 Be7 20. Kg2 Kf8 21. Bf2 Kg7 22.
c4 Kh6 23. cxd5 exd5 24. a3 Qe8 25. Rhe1 Qd7 26. a4 a6 27. Rab1 Ng7 28. Re2 Qf5
29. Qxf5 gxf5 30. b5 axb5 31. axb5 Rac8 32. bxc6 bxc6 33. Rb7 Rhe8 34. Ra2 Ne6
35. Raa7 Bxc5 36. Bxc5 Nxc5 37. Rxf7 1-0

[Event "19. Obert Int. Sant Marti 2017"]
[Site "Barcelona ESP"]
[Date "2017.07.15"]
[Round "3.64"]
[White "Boixader Arbo, Xavier"]
[Black "Farre Buil, Carles"]
[Result "1-0"]
[WhiteElo "2099"]
[BlackElo "1856"]
[PlyCount "103"]
[EventDate "2017.07.13"]
[EventType "swiss"]
[EventRounds "9"]
[EventCountry "ESP"]
[SourceTitle "Ajedrez en Madrid"]
[Source "lmi"]
[SourceDate "2017.07.13"]
[SourceVersion "1"]
[SourceVersionDate "2019.06.21"]
[SourceQuality "1"]

1. e4 c5 2. Nf3 d6 3. d4 cxd4 4. Qxd4 Nc6 5. Bb5 Qd7 6. Qd3 a6 7. Bxc6 bxc6 8.
b3 e5 9. O-O Nf6 10. c4 Qc7 11. Nc3 Be7 12. h3 O-O 13. Be3 Ne8 14. c5 a5 15.
Rfd1 Ba6 16. Qc2 Nf6 17. Na4 dxc5 18. Bxc5 Bxc5 19. Nxc5 Rfe8 20. Rac1 Bb7 21.
Qc4 Rac8 22. Re1 h6 23. Qc3 Ba8 24. Nh4 g6 25. Nf3 Rcd8 26. Qe3 Kg7 27. Rc4 Nd7
28. Rec1 Nb6 29. R4c2 Rd6 30. Qc3 Nd7 31. Qb2 f6 32. Qa3 Nf8 33. Na6 Qd8 34.
Rc5 Rd1+ 35. Rxd1 Qxd1+ 36. Kh2 Qd6 37. Rxa5 Qxa3 38. Rxa3 Ne6 39. b4 Bb7 40.
Nc5 Nxc5 41. bxc5 Ra8 42. Rxa8 Bxa8 43. Nd2 Kf7 44. Nc4 Ke7 45. Nd6 Ke6 46. Kg3
f5 47. Kf3 f4 48. g3 fxg3 49. fxg3 h5 50. g4 Kd7 51. gxh5 gxh5 52. Kg3 1-0

[Event "19. Obert Int. Sant Marti 2017"]
[Site "Barcelona ESP"]
[Date "2017.07.15"]
[Round "3.65"]
[White "Sanchez Lopez, Juan Manuel"]
[Black "Alcaraz Lopez, Francesc"]
[Result "1-0"]
[WhiteElo "2088"]
[BlackElo "1811"]
[PlyCount "71"]
[EventDate "2017.07.13"]
[EventType "swiss"]
[EventRounds "9"]
[EventCountry "ESP"]
[SourceTitle "Ajedrez en Madrid"]
[Source "lmi"]
[SourceDate "2017.07.13"]
[SourceVersion "1"]
[SourceVersionDate "2019.06.21"]
[SourceQuality "1"]

1. c4 c5 2. Nc3 Nf6 3. e4 Nc6 4. g3 g6 5. Bg2 Bg7 6. Nge2 O-O 7. O-O e5 8. d3
d6 9. f4 Bg4 10. h3 Bxe2 11. Qxe2 Nd4 12. Qf2 Nd7 13. f5 f6 14. h4 g5 15. Bf3
a6 16. Bh5 b5 17. Nd5 gxh4 18. g4 bxc4 19. dxc4 Nb6 20. Kh1 Nxd5 21. cxd5 Kh8
22. Qxh4 Qe7 23. Bg6 h6 24. Rf2 Rfb8 25. Be3 Rb4 26. Rg1 Rab8 27. Bxh6 Bxh6 28.
Qxh6+ Kg8 29. g5 Qg7 30. Qh4 Qh8 31. Bh7+ Kf7 32. gxf6 Qxf6 33. Qh5+ Ke7 34.
Rg6 Qh8 35. f6+ Kd7 36. Rg7+ 1-0

[Event "19. Obert Int. Sant Marti 2017"]
[Site "Barcelona ESP"]
[Date "2017.07.15"]
[Round "3.66"]
[White "Mateu Farre, Josep Maria"]
[Black "Guix Torres, David"]
[Result "1/2-1/2"]
[WhiteElo "1974"]
[BlackElo "2055"]
[PlyCount "62"]
[EventDate "2017.07.13"]
[EventType "swiss"]
[EventRounds "9"]
[EventCountry "ESP"]
[SourceTitle "Ajedrez en Madrid"]
[Source "lmi"]
[SourceDate "2017.07.13"]
[SourceVersion "1"]
[SourceVersionDate "2019.06.21"]
[SourceQuality "1"]

1. e4 c5 2. Nf3 d6 3. d4 cxd4 4. Nxd4 Nf6 5. Nc3 g6 6. Be2 Bg7 7. Be3 O-O 8.
O-O Nc6 9. Kh1 Bd7 10. Nb3 a5 11. a4 Nb4 12. Nd4 d5 13. f3 dxe4 14. Nxe4 Nfd5
15. Bg1 Nb6 16. c3 N4d5 17. Re1 Nf4 18. Bf1 Nbd5 19. Qb3 Bc6 20. Rad1 Qc7 21.
Nb5 Bxb5 22. Qxb5 e6 23. c4 Nb4 24. Bc5 Rfd8 25. Bxb4 axb4 26. Qxb4 Bd4 27. Rd2
e5 28. Red1 Kg7 29. g3 Ne6 30. Bh3 Nc5 31. Nxc5 Bxc5 1/2-1/2